Textbook for nursing education for BSc nursing
Guardat en:
| Format: | Llibre |
|---|---|
| Idioma: | anglès |
| Publicat: |
CBS Publishers
2018
|
| Etiquetes: |
Afegir etiqueta
Sense etiquetes, Sigues el primer a etiquetar aquest registre!
|
MARC
| LEADER | 00000nam a22000007a 4500 | ||
|---|---|---|---|
| 008 | 240315b |||||||| |||| 00| 0 eng d | ||
| 020 | |a 9789386827340 | ||
| 245 | |a Textbook for nursing education for BSc nursing |c Ratna Prakash |g xiii,322p. | ||
| 250 | |c PRAKASH, Ratna | ||
| 260 | |b CBS Publishers |c 2018 |h New Delhi |i 701494 |i 701498 |l RT82.8.T31 |m Nursing practitioners- standards | ||
| 500 | |a It includes bibliographical references and index. | ||
| 942 | |a lcc |c BK |e Adeyemo Oladapo |f 15/03/2024 | ||
| 952 | |0 0 |1 0 |2 lcc |4 0 |6 RT00828 T31 |7 0 |9 4978 |a HE |b HOL |c QZ |d 2024-03-15 |l 0 |o RT82.8.T31 |p 2024-0229 |r 2024-03-15 00:00:00 |t 701494 |w 2024-03-15 |y BK | ||
| 952 | |0 0 |1 0 |2 lcc |4 0 |6 RT00828 T31 |7 0 |9 4979 |a HOL |b HOL |c QZ |d 2024-03-15 |l 0 |o RT82.8.T31 |p 2024-0230 |r 2024-03-15 00:00:00 |t 701495 |w 2024-03-15 |y BK | ||
| 999 | |c 2471 |d 2471 | ||